000
00238nam a2200097Ia 4500
001
1229559
005
20250827093104.0
008
250824s9999 xx 000 0 und d
245
0
_a
IDORU
_c
WILLIAM GIBSON
260
_b
ALTIN KİTAP YAYINLARI
999
_c
1229559
_d
1229559